| 000 | 00422nam a2200145Ia 4500 | ||
|---|---|---|---|
| 008 | 230917s9999||||xx |||||||||||||| ||und|| | ||
| 040 |
_e80791 _aMAIN |
||
| 041 | _aEnglish | ||
| 082 | _a342.7 G959C | ||
| 100 | _aGupta, P K | ||
| 245 | 0 | _aCommentaries on the scheduled castes and the scheduled tribes (prevention of atrocities) act, 1989 | |
| 260 |
_aLucknow _bEastern Book _c1992 |
||
| 300 | _aviii, 174 p. | ||
| 942 | _cBK | ||
| 999 |
_c75069 _d75069 |
||